[Event "16th Spilimbergo Open 2018"]
[Site "Spilimbergo"]
[Date "2018.08.12"]
[Round "5.8"]
[White "Lodici, Lorenzo"]
[Black "Rombaldoni, Denis"]
[Result "0-1"]
[WhiteElo "2447"]
[BlackElo "2508"]
[Annotator "TA"]
[PlyCount "130"]
[EventDate "2018.08.10"]
[EventType "swiss"]
[EventCountry "ITA"]
[SourceTitle "playchess.com"]
[Source "ChessBase"]
[SourceQuality "1"]

{[%evp 20,130,61,61,89,88,92,92,93,86,93,93,93,93,103,45,93,93,93,0,93,88,80,54,76,0,41,22,46,19,20,-16,0,-92,-29,-71,-21,-62,-54,-84,-54,-57,-76,-83,-54,-61,-63,-60,-60,-63,-61,-55,-30,-28,-18,-121,-124,-115,-110,-133,-102,-100,-105,-88,-89,-96,-92,-102,-47,-41,-41,-41,-41,-56,-48,-76,-75,-60,-56,-39,0,0,0,0,0,-5105,-5097,-5097,-4133,-6248,-5089,-29969,-29968,-6465,0,0,0,-5089,-2521,-29970,-29967,-29980,-29981,-29981,-29982,-29984,-29985,-29985,-29986,-29986,-29987,-29988,-29989]} 1. d4 Nf6 2. c4 e6 3. Nc3 Bb4 4. e3 c5 5. Nf3 Nc6 6. Bd3 Bxc3+ 7. bxc3 d6 8. O-O e5 9. e4 Bg4 {E41: Nimzo-Indian: Rubinstein: 4...c5 5 Bd3, including Hübner Variation} (9... h6 10. d5 Ne7 11. Rb1 g5 12. Ne1 Ng6 13. g3 Qe7 14. Ng2 Bh3 15. f3 O-O-O 16. Rf2 Kb8 17. Ne3 Qd7 18. Rfb2 Ka8 19. Rxb7 Qxb7 20. Rxb7 Kxb7 {1-0 (53) Salinas Herrera,P (2464)-Sambuev,B (2539) chess.com INT 2017}) 10. d5 Ne7 11. h3 {LiveBook: 4 Games} Bxf3 {White is slightly better.} 12. Qxf3 h6 13. g3 Qd7 14. Qg2 $146 ({Predecessor:} 14. Kh2 O-O-O 15. a4 Rdf8 16. Ra2 Nh7 17. Qg4 Qxg4 18. hxg4 {½-½ (58) Lund,S (2309)-Jakobsen,P (2231) Valby 2007}) 14... g5 15. Qf3 Nh7 16. Kh2 Rg8 17. Be2 (17. Bd2 $16) 17... Ng6 18. Qd3 Nf6 19. Qf3 ({Better is} 19. a4 $16) 19... Qe7 (19... Nh7 $1 $11) 20. Qf5 $16 Kd8 21. Bg4 Kc7 22. Qf3 (22. Bd1 $16) 22... Rh8 23. Bf5 Ne8 24. Bd2 Ng7 25. Rae1 Nf8 26. h4 (26. a4 $11 {keeps the balance.}) 26... gxh4 ({Black should try} 26... Nxf5 $17 27. Qxf5 gxh4) 27. g4 Ng6 28. Rh1 Rag8 29. Reg1 h5 30. g5 Nxf5 31. Qxf5 Rg7 32. Qf6 Rhg8 33. Qxe7+ $1 Nxe7 34. Kg2 f6 {[%cal Bf7f6,Bf6g5,Bg5g4][%mdl 32]} 35. Rxh4 fxg5 36. Rxh5 Nc8 37. Kh3 (37. Kf3 $11 {remains equal.}) 37... g4+ $1 $17 38. Kh4 Nb6 39. Rg5 Rxg5 40. Bxg5 {[%mdl 4096] Endgame KRB-KRN} Rf8 41. Rg2 Nxc4 42. Kxg4 b5 $1 43. Rh2 a5 (43... Kb6 $1 $17) 44. f4 $15 exf4 $1 45. Bxf4 Rf7 46. Kg5 a4 47. Rh4 a3 48. Kg6 Re7 49. Bg5 Ne5+ 50. Kf5 Re8 51. Rh7+ Nd7 52. Re7 $2 {[%mdl 8192]} (52. Bd2 $11) 52... Rxe7 $1 $19 53. Bxe7 {KB-KN} b4 $1 {[%cal Rb4b3]} 54. cxb4 cxb4 55. Ke6 Nc5+ 56. Kf5 Nd7 57. Ke6 Nc5+ 58. Kf5 $1 Nd3 (58... b3 $142 59. axb3 Nd7) 59. Ke6 {[#]} b3 $1 {[%mdl 512] Black mates.} 60. axb3 a2 61. Bf6 {[#]} Ne5 $1 {[%mdl 512]} 62. Bxe5 dxe5 63. Ke7 a1=Q 64. d6+ Kc6 65. d7 Qa7 {Precision: White = 46%, Black = 50%.} 0-1

[Event "16th Spilimbergo Open 2018"]
[Site "Spilimbergo"]
[Date "2018.08.12"]
[Round "5.9"]
[White "Korpa, Bence"]
[Black "Collutiis, Duilio"]
[Result "1-0"]
[WhiteElo "2506"]
[BlackElo "2415"]
[Annotator "TA"]
[PlyCount "207"]
[EventDate "2018.08.10"]
[EventType "swiss"]
[EventCountry "ITA"]
[SourceTitle "playchess.com"]
[Source "ChessBase"]
[SourceQuality "1"]

{[%evp 18,207,52,56,64,58,87,58,93,83,106,114,114,91,164,155,168,121,129,92,129,88,104,73,85,84,134,108,84,87,116,63,72,60,103,103,106,103,121,97,103,91,93,83,90,69,85,66,76,60,60,43,89,73,77,60,60,59,63,60,63,63,75,79,86,62,78,54,51,54,61,59,69,3,97,42,75,4,67,70,67,8,11,4,30,13,20,23,133,128,183,191,189,180,181,173,206,112,118,121,242,242,241,241,239,239,228,227,323,324,304,308,319,306,491,477,533,528,955,929,1112,1112,1079,1063,995,1035,986,851,1074,1056,1033,935,1414,1411,1011,664,664,663,29974,0,0,0,0,0,0,0,0,0,0,0,0,0,0,0,0,0,0,0,0,0,0,0,0,0,0,0,0,0,0,0,0,0,0,0,0,0,0,0,0,0,0,0,0,0,0,0,0,0,0,0,0,0]} 1. e4 e5 2. Nf3 Nc6 3. Nc3 Nf6 4. d4 Bb4 5. Nxe5 Qe7 6. Qd3 Nxe5 7. dxe5 Qxe5 8. Bd2 O-O 9. O-O-O d6 10. f3 {LiveBook: 3 Partien. C47: Schottisches Vierspringerspiel} a6 $146 ({Vorgänger:} 10... Be6 11. g4 Rad8 12. a3 Bc5 13. Ne2 Bxg4 14. Bf4 Qe6 15. fxg4 Nxe4 16. Nd4 Qg6 17. Be3 Rfe8 {1-0 (30) Kovchan,A (2582)-Enchev,I (2408) Albena 2015}) 11. g4 {[%cal Bg2g4,Bg4g5][%mdl 32]} Re8 12. Bg2 {Weiß steht besser.} Be6 13. a3 Bc5 14. g5 Nh5 {[#]} 15. Ne2 $1 Bb6 (15... Bd7 $16) 16. f4 $18 Qc5 17. Qf3 g6 18. Ng3 Ng7 19. Rhe1 Qf2 20. Bc3 Qxf3 21. Bxf3 Rab8 22. e5 Red8 23. exd6 cxd6 24. Bd4 (24. Re2 $16) 24... Bxd4 $14 25. Rxd4 Ne8 26. h4 {[%cal Bh2h4,Bh4h5][%mdl 32]} Kf8 27. h5 Nc7 28. Rd2 d5 29. Ne2 Rd6 30. Nd4 Rbd8 31. Re3 Bd7 32. Rh2 Kg8 33. hxg6 hxg6 34. Re1 Re8 35. Rxe8+ Nxe8 36. Be2 Ng7 37. Bd3 Bg4 38. Rg2 Bc8 39. Kd2 Nh5 40. Rf2 Rd8 41. c3 Kf8 42. f5 gxf5 $1 43. Bxf5 Ng3 44. Bd3 Ke7 45. Rf3 (45. Rg2 $14 Nh5 46. Re2+ Kd6 47. Rf2) 45... Nh5 (45... Ne4+ $11 46. Bxe4 dxe4) 46. Be2 (46. Bf5 $16) 46... Ng7 47. Rf6 ({Günstiger ist} 47. Bxa6 $1 $16 {Schwarz sollte Le2 verhindern.} Ne6 48. Nxe6 Bxe6 49. Be2 (49. Bxb7 Rb8 $11)) 47... Be6 (47... Rg8 $11) 48. Rh6 Rg8 49. Bf3 (49. Ke3 $14) 49... Ne8 $11 50. Rh5 Rg6 51. Ke3 Ng7 52. Rh8 Ne8 (52... Kd6 $11 {bleibt in der Remisbreite.}) 53. Kf4 $16 Bd7 (53... Rg7 $16 54. Bxd5 Bxd5) 54. Bxd5 $18 f6 55. gxf6+ ({Jedoch nicht} 55. Bxb7 $6 fxg5+ 56. Ke5 Rb6 $16) 55... Rxf6+ {[#]} 56. Ke5 $1 Rf2 57. Bxb7 (57. b4 $18) 57... Rxb2 $16 58. Bxa6 Ra2 (58... Rb1 $16 59. Rh7+ Kd8) 59. Rh7+ $18 Kd8 60. Bb5 Bxb5 61. Nxb5 {[%mdl 4096] Endspiel KTS-KTS} Re2+ 62. Kd4 Rd2+ (62... Nf6 $142) 63. Kc5 Nf6 64. Rh8+ Kd7 65. a4 Ra2 $2 (65... Rg2 {ist wohl besser.} 66. c4 Ne4+ 67. Kd5 Nf6+ 68. Ke5 Ke7) 66. Ra8 Ne4+ 67. Kb6 Rc2 68. Ra7+ Kd8 69. Rc7 Nf6 70. Kc6 Ne4 71. Rd7+ Ke8 72. Rd3 Kf7 73. a5 {[%cal Ba4a5,Ba5a6][%mdl 32]} Ra2 74. Kb6 Kf6 75. Rd4 Ke5 76. a6 Nxc3 77. Rc4 ({Und nicht} 77. Nxc3 Rxa6+ 78. Kxa6 Kxd4 $11) 77... Nxb5 78. Kxb5 $2 {KT-KT} (78. Rc5+ {setzt Matt} Kd4 79. Rxb5 Kc4 80. Rc5+ Kd4 81. Ra5 Rh2 82. a7 Rh6+ 83. Kb5 Rh5+ 84. Kb4) 78... Kd6 $1 $11 {Die Stellung ist ausgeglichen.} 79. Kb6 Rb2+ 80. Ka7 Kd7 81. Rh4 Kc7 82. Rh7+ Kc8 83. Rh5 Rb1 84. Rc5+ Kd7 85. Rc3 Rb2 86. Rh3 Kc8 87. Rh8+ Kc7 88. Rh7+ Kc8 89. Rb7 Ra2 90. Rb4 Rc2 91. Rg4 {Droht Tg1 und aus.} Rb2 92. Rc4+ Kd7 93. Rc5 Rb1 94. Ka8 {Und weiter mit Tc2 wäre nett.} Rb6 95. Ra5 {Ta1 ist eine echte Drohung.} (95. a7 {with more complications.} Rb1 96. Rc3 Rb2 97. Rc5 Rb4 98. Rc1) 95... Kc7 96. Ka7 Rb1 97. Rg5 {zielt auf Tc5+ ab.} (97. Rc5+ {is more complex.} Kd7) 97... Rb2 98. Rg7+ Kc8 99. Rb7 Ra2 100. Rb5 {Und Tc5+ würde nun gewinnen.} Rc2 101. Rb1 {Schwarz muss nun Tb7 beachten.} Rc3 102. Rb6 Rc1 103. Rg6 {Droht stark Ka8.} Rb1 104. Rc6+ {[%mdl 32768] Precision: Weiß = 60%, Schwarz = 52%. . Loss on Time!?} 1-0

[Event "16th Spilimbergo Open 2018"]
[Site "Spilimbergo"]
[Date "2018.08.12"]
[Round "5.10"]
[White "Solomon, Kenny"]
[Black "Godena, Michele"]
[Result "1/2-1/2"]
[WhiteElo "2395"]
[BlackElo "2502"]
[Annotator "TA"]
[PlyCount "34"]
[EventDate "2018.08.10"]
[EventType "swiss"]
[EventCountry "ITA"]
[SourceTitle "playchess.com"]
[Source "ChessBase"]
[SourceQuality "1"]

{[%evp 17,18,29,10]} 1. d4 d5 2. Nf3 Nf6 3. c4 dxc4 4. e3 a6 5. Bxc4 b5 6. Bd3 Bb7 7. O-O e6 8. a4 b4 9. Qe2 c5 {Predecessor:} 10. Nbd2 $146 Be7 11. Nb3 Nbd7 12. dxc5 Nxc5 13. Nxc5 Bxc5 14. e4 h6 15. a5 O-O 16. e5 Nd7 17. Bf4 Qe7 {1-0 (34) Akobian,V (2643)-Erenburg,S (2633) Saint Louis 2014} 1/2-1/2

[Event "16th Spilimbergo Open 2018"]
[Site "Spilimbergo"]
[Date "2018.08.12"]
[Round "5.11"]
[White "Alonso Garcia, Rene Marcial"]
[Black "Skoberne, Jure"]
[Result "1/2-1/2"]
[WhiteElo "2344"]
[BlackElo "2575"]
[Annotator "TA"]
[PlyCount "30"]
[EventDate "2018.08.10"]
[EventType "swiss"]
[EventCountry "ITA"]
[SourceTitle "playchess.com"]
[Source "ChessBase"]
[SourceQuality "1"]

{[%evp 13,19,42,50,21,42,35,43,58]} 1. d4 Nf6 2. Nf3 g6 3. c4 Bg7 4. Nc3 O-O 5. e4 d6 6. Be2 e5 7. O-O Bg4 {LiveBook: 24 Games} 8. dxe5 {E94: King's Indian: Classical: 6 Be2 e5 7 0-0: Various Black 7th moves} (8. d5 Nh5 9. Bg5 Bf6 10. Bxf6 Qxf6 11. g3 Bh3 12. Re1 a5 13. Qd2 Na6 14. Qe3 Nc5 15. b3 Qg7 16. Nd2 {1-0 (33) Fridman,D (2637)-Skoberne,J (2563) Batumi 2018}) 8... dxe5 9. Nxe5 Qxd1 10. Bxd1 ({Much worse is} 10. Rxd1 Bxe2 11. Nxe2 Nxe4 $11) {Predecessor:} 10... Bxd1 $146 11. Rxd1 Nxe4 12. Nxg6 Nxc3 13. Ne7+ Kh8 14. bxc3 Bxc3 15. Rb1 Nc6 {1-0 (34) Gruenberg,H (2485)-Spiriev,P (2285) Budapest 1991} 1/2-1/2

[Event "16th Spilimbergo Open 2018"]
[Site "Spilimbergo"]
[Date "2018.08.12"]
[Round "5.12"]
[White "Altini, Nicola"]
[Black "Bove, Alessandro"]
[Result "1-0"]
[WhiteElo "2425"]
[BlackElo "2308"]
[Annotator "TA"]
[PlyCount "93"]
[EventDate "2018.08.10"]
[EventType "swiss"]
[EventCountry "ITA"]
[SourceTitle "playchess.com"]
[Source "ChessBase"]
[SourceQuality "1"]

{[%evp 14,93,42,50,82,24,34,6,16,14,37,15,50,40,58,51,74,69,71,67,99,93,110,96,134,130,108,123,134,131,145,91,213,199,209,234,220,208,218,195,204,192,244,216,209,149,157,154,184,167,447,451,490,484,587,579,583,583,826,796,804,355,576,550,847,712,690,679,678,642,1122,1114,1902,1818,2673,2512,2659,2411,12841,6394,2485,963]} 1. d4 {[%cal Bd2d4,Bd4d5][%mdl 32]} Nc6 2. d5 Ne5 3. f4 Ng6 4. e4 e6 5. dxe6 dxe6 (5... fxe6 6. Nf3 Bc5 7. Nc3 Nf6 8. e5 Ng4 9. Ne4 Bb6 10. c4 Qe7 11. Qc2 Be3 12. g3 O-O 13. Bh3 Bxc1 14. Rxc1 {1-0 (22) Aronian,L (2767)-Caruana,F (2822) chess.com INT 2018}) 6. Qxd8+ {A40: Unusual replies to 1 d4} Kxd8 7. Nf3 Bc5 8. Nc3 {LiveBook: 12 Games. White is slightly better.} Nh6 9. e5 (9. g3 $16) 9... Bd7 10. Ne4 Bb6 11. Bd3 Bc6 12. Ke2 Nf5 13. b4 $146 {[%cal Bb2b4,Bb4b5][%mdl 32]} ({Predecessor:} 13. Bd2) 13... a6 14. a4 Kc8 15. Bd2 Rd8 16. c3 {[%cal Bc2c3,Bc3c4][%mdl 32]} a5 {Strongly threatening ...axb4.} 17. b5 Bd5 18. g3 Nfe7 19. c4 Bxe4 20. Bxe4 Nf5 21. Rac1 Bc5 22. Rhd1 ({White should try} 22. Bc3) 22... Nge7 (22... Nd4+ $16 {was called for.} 23. Nxd4 Rxd4) 23. Be1 $18 Rxd1 24. Rxd1 (24. Kxd1 $6 c6 $16) 24... c6 25. Rd3 Kc7 26. g4 Nh6 27. h3 ({Don't do} 27. Bxh7 $6 Nxg4 28. Ng5 Nh6 $14) 27... f5 (27... Ng6 $142) 28. exf6 gxf6 {[%cal Bg7f6,Bf6f5][%mdl 32]} 29. Nd4 Bxd4 30. Rxd4 {b6+! is the strong threat.} f5 {[#]} 31. Bf3 $1 c5 $2 {[#]} (31... b6 {is a better defense.} 32. c5 Nd5) 32. b6+ $1 {[%mdl 512]} Kxb6 33. Rd7 fxg4 34. Rxb7+ ({Not} 34. Rxe7 gxf3+ 35. Kxf3 Nf5 $16) 34... Ka6 35. hxg4 Ra7 36. Rb5 Ng6 37. Rxa5+ Kb6 38. Rb5+ {White is clearly winning.} Ka6 39. Bd2 Rf7 40. f5 exf5 41. Bxh6 Ne5 42. gxf5 {[%cal Bg4f5,Bf5f6][%mdl 32]} Nxc4 43. Rxc5 Re7+ 44. Kf2 Ne5 45. Be2+ Kb7 46. f6 Re6 {[#]} 47. Rxe5 $1 {Precision: White = 67%, Black = 29%.} 1-0

[Event "16th Spilimbergo Open 2018"]
[Site "Spilimbergo"]
[Date "2018.08.12"]
[Round "5.13"]
[White "Mesaros, Florian"]
[Black "Bifulco, Michel"]
[Result "1-0"]
[WhiteElo "2422"]
[BlackElo "2297"]
[Annotator "TA"]
[PlyCount "65"]
[EventDate "2018.08.10"]
[EventType "swiss"]
[EventCountry "ITA"]
[SourceTitle "playchess.com"]
[Source "ChessBase"]
[SourceQuality "1"]

{[%evp 31,65,10,15,15,22,22,18,22,24,25,28,25,47,67,52,43,83,55,53,55,72,31,16,8,8,8,8,5,97,105,97,104,1129,1056,977,967]} 1. d4 d5 2. c4 e6 3. Nc3 c6 4. e3 Nf6 5. Nf3 Nbd7 6. Qc2 Bd6 7. Bd3 O-O 8. O-O dxc4 9. Bxc4 b5 10. Be2 Bb7 11. e4 e5 12. dxe5 {D46: Semi-Slav: 5 e3 Nbd7 6 Bd3, Black avoids the Meran} Nxe5 13. Nd4 Neg4 (13... b4 14. Nf5 bxc3 15. Rd1 Ne8 16. Qxc3 Qf6 17. f4 Bc7 18. fxe5 Qxe5 19. Qxe5 Bxe5 {½-½ (41) Le,Q (2739)-Sasikiran,K (2676) Ashkhabad 2017}) 14. g3 Bxg3 15. hxg3 Qxd4 16. Qd1 Qxd1 {LiveBook: 25 Games} 17. Rxd1 h5 18. f3 Ne5 $1 19. Kf2 Rfd8 $146 ({Predecessor:} 19... a5) 20. Bg5 Rxd1 21. Rxd1 Nh7 22. Bf4 {[%mdl 1024] White has compensation.} Ng6 23. Be3 Ngf8 24. a4 a6 25. e5 f6 26. f4 fxe5 27. Bxh5 exf4 28. gxf4 {With the idea Ne4.} Nf6 29. Bf3 $36 {[%mdl 2048] Black is under pressure.} Nd5 (29... bxa4 $11 30. Rd6 (30. Nxa4 N8d7 $14) 30... Kf7) 30. Nxd5 $16 cxd5 31. axb5 ({Reject} 31. Bxd5+ Bxd5 32. Rxd5 bxa4 $14) 31... d4 $2 {[%mdl 8192] [#]} (31... axb5 $16 32. Rxd5 (32. Bxd5+ Bxd5 33. Rxd5 Rb8 $16) 32... Ra5) 32. Bxb7 $18 dxe3+ 33. Ke2 {Precision: White = 73%, Black = 40%.} 1-0

[Event "16th Spilimbergo Open 2018"]
[Site "Spilimbergo"]
[Date "2018.08.12"]
[Round "5.14"]
[White "Loiacono, Antonio"]
[Black "Borgo, Giulio"]
[Result "1/2-1/2"]
[WhiteElo "2297"]
[BlackElo "2400"]
[Annotator "TA"]
[PlyCount "87"]
[EventDate "2018.08.10"]
[EventType "swiss"]
[EventCountry "ITA"]
[SourceTitle "playchess.com"]
[Source "ChessBase"]
[SourceQuality "1"]

{[%evp 16,87,37,6,30,-11,0,-14,-16,-27,33,0,0,3,2,0,0,0,0,0,-2,-4,-8,-40,-37,-66,-62,-90,-52,-69,-50,-56,-33,-32,-28,-43,-33,-81,-79,-81,-9,-9,-6,-28,-30,-39,0,0,49,49,50,47,111,116,97,110,127,108,121,120,166,166,160,168,163,118,148,0,145,0,135,141,137,126]} 1. e4 e6 2. d4 d5 3. Nc3 Nf6 4. e5 Nfd7 5. f4 c5 6. Nf3 Nc6 7. Be3 Rb8 {C11: French: Classical System: 4 e5 and 4 Bg5 dxe4} (7... Be7 8. Qd2 b6 9. Bb5 Bb7 10. O-O a6 11. Bxc6 Bxc6 12. Nd1 Qc7 13. Nf2 O-O-O 14. a4 Kb8 15. b3 Bb7 16. Nd3 {1-0 (60) Aronian,L (2767)-Caruana,F (2822) chess.com INT 2018}) 8. Qd2 Qa5 9. Ne2 {LiveBook: 5 Games} b6 {The position is equal.} 10. Nc1 $146 ({Predecessor:} 10. c3 c4 11. g4 h5 12. gxh5 b5 13. Bh3 b4 14. O-O bxc3 15. bxc3 {1-0 (45) Hairapetian,A (2214)-Rapport,J (2376) Belgrade 2013}) 10... Be7 11. Qxa5 bxa5 12. b3 {[#]} g5 $1 {[%mdl 512]} 13. c3 (13. Nxg5 cxd4) 13... cxd4 14. Nxd4 Nxd4 15. cxd4 Bb4+ 16. Bd2 gxf4 17. Nd3 Bxd2+ 18. Kxd2 f6 19. exf6 Nxf6 20. Nxf4 Rb4 $1 21. Ne2 Ne4+ 22. Ke3 $1 O-O {Hoping for ...Nf2.} 23. Rg1 a4 24. Nc1 $1 Nd6 {And now ...Nf5+ would win.} 25. Bd3 Bd7 26. a3 Rb7 27. b4 Rc7 (27... Bb5 $17) 28. Ne2 $11 Bb5 29. Rac1 Bc4 30. Nf4 Re7 31. g3 Bxd3 32. Kxd3 Nb5 33. Rge1 Kf7 (33... Nxa3 $14 34. Nxd5 (34. Rxe6 Rxe6 35. Nxe6 Rf3+ 36. Ke2 Rb3 $11) 34... Rf3+ 35. Ke4 Ref7 36. Rc8+ Rf8 37. Rxf8+ Rxf8) 34. Rc6 $16 Rfe8 35. Ra6 Nxa3 36. Rxa4 Nc4 37. Ra6 Nb6 38. Rea1 Nc8 39. Rf1 Kg8 40. Rc1 Kf7 41. Rf1 Kg8 $1 42. Rc1 ({White should try} 42. Re1 $16) 42... Nb6 (42... Kf7 $1 $11) 43. Rca1 Nc8 44. Re1 {Precision: White = 43%, Black = 53%.} 1/2-1/2

[Event "16th Spilimbergo Open 2018"]
[Site "Spilimbergo"]
[Date "2018.08.12"]
[Round "5.15"]
[White "Rahul Srivatshav P"]
[Black "Seresin, Francesco"]
[Result "1/2-1/2"]
[WhiteElo "2388"]
[BlackElo "2279"]
[Annotator "TA"]
[PlyCount "69"]
[EventDate "2018.08.10"]
[EventType "swiss"]
[EventCountry "ITA"]
[SourceTitle "playchess.com"]
[Source "ChessBase"]
[SourceQuality "1"]

{[%evp 24,69,31,12,22,34,20,8,31,16,17,0,0,0,0,0,0,0,0,0,0,0,0,-32,0,0,4,0,18,16,16,16,18,14,24,9,9,8,4,0,0,0,0,0,0,-3,6,0]} 1. d4 Nf6 2. c4 e6 3. Nc3 d5 4. cxd5 exd5 5. Bg5 Be7 6. e3 c6 7. Bd3 Nbd7 8. Qc2 h6 9. Bh4 Nh5 10. Bxe7 Qxe7 11. Nge2 Nb6 12. O-O {D36: Queen's Gambit Declined: Exchange Variation: Main line (5 Bg5 c6 6 Qc2)} O-O 13. Rab1 {LiveBook: 6 Games} (13. Rae1 Be6 14. Nc1 Rad8 15. Nb3 Rfe8 16. Nc5 Bc8 17. b4 Nc4 18. Qe2 Qg5 19. f4 Qh4 20. Bxc4 dxc4 {0-1 (37) Navara,D (2724)-Adams,M (2740) Biel 2015 CBM 168 [Krasenkow,M]}) 13... Be6 14. b4 a6 15. a4 g6 $146 ({Predecessor:} 15... Nf6 16. a5 Nc4 17. Bxc4 dxc4 {0-1 (30) Moeckel,E (1960)-Turboust,R (1910) Bad Woerishofen 1994}) 16. Rfe1 Rfe8 17. Ng3 Nxg3 18. hxg3 Kg7 19. f3 Rad8 20. g4 Qg5 21. Qf2 h5 22. gxh5 Qxh5 23. Ne2 Nxa4 24. Qg3 $1 Rh8 25. Nf4 Qh1+ 26. Kf2 Qh4 {[#]} 27. Bxg6 $1 {[%mdl 512] Threatens to win with Nh5+.} Qxg3+ (27... fxg6 28. Nxe6+) 28. Kxg3 Nc3 29. Rb3 Nb5 {The position is equal.} 30. Bd3 Nd6 31. Rbb1 Bf5 32. Kf2 Bxd3 33. Nxd3 Ra8 34. Nc5 b6 35. Nd3 {Precision: White = 66%, Black = 62%.} 1/2-1/2

[Event "16th Spilimbergo Open 2018"]
[Site "Spilimbergo"]
[Date "2018.08.14"]
[Round "7.1"]
[White "Borisek, Jure"]
[Black "Nisipeanu, Liviu Dieter"]
[Result "1/2-1/2"]
[WhiteElo "2576"]
[BlackElo "2657"]
[Annotator "TA"]
[PlyCount "71"]
[EventDate "2018.08.10"]
[EventType "swiss"]
[EventCountry "ITA"]
[SourceTitle "playchess.com"]
[Source "ChessBase"]
[SourceQuality "1"]

{[%evp 24,71,47,37,11,14,6,0,0,0,6,0,12,-5,-5,-5,-2,-2,-3,-16,-16,-21,-15,-18,-8,-21,-21,-21,-24,-26,-23,-26,0,0,0,0,0,0,0,0,0,0,0,0,0,-7,-7,-16,0,0]} 1. e4 e6 2. d4 d5 3. Nd2 c5 4. Ngf3 cxd4 5. exd5 Qxd5 6. Bc4 Qd7 7. O-O Nc6 8. Nb3 a6 9. Nbxd4 Nxd4 10. Qxd4 Qxd4 11. Nxd4 Nf6 12. Bf4 Bd7 {C07: Französische Verteidigung (Tarrasch-Variante)} (12... b5 13. Be2 Bb7 14. a4 b4 15. Nb3 Be4 16. Rfc1 Nd5 17. Be5 f6 18. Bd4 Kf7 19. Bc5 a5 20. g3 Be7 21. Bxe7 Nxe7 {½-½ (40) Zvjaginsev,V (2655)-Morozevich,A (2724) Kazan 2014}) 13. Rad1 {LiveBook: 4 Partien} Bc5 14. Rfe1 Rc8 15. Bb3 O-O 16. c3 Rfd8 17. h3 Be8 18. g4 $146 (18. Be3 {is interesting.} Bd7 19. a4 a5 20. Bf4 Be8 21. Be5) ({Vorgänger:} 18. Be5 a5 19. Bc2 a4 20. a3 Nd7 21. Bg3 Nb6 22. Be4 Bxd4 23. cxd4 Bc6 24. Bd3 h6 25. f3 Bd5 {½-½ (25) Mosquera,M-Sieiro Gonzalez,L (2380) Bogota 1997}) 18... Bxd4 19. Rxd4 Rxd4 20. cxd4 Rd8 21. Be5 Bc6 22. Bxf6 gxf6 $11 {[%mdl 4096] Endspiel KTL-KTL} 23. Rd1 h5 24. gxh5 Kh7 25. Kf1 Kh6 26. Ke2 Kxh5 27. Ke3 Bd5 (27... f5 {with more complications.} 28. Rg1 f4+ 29. Kxf4 Rxd4+ 30. Ke3 Re4+) 28. Bxd5 {Die Stellung ist ausgeglichen.} Rxd5 {KT-KT} 29. Rc1 Kg6 30. Rc7 b6 31. Rb7 Ra5 32. Rxb6 Rxa2 33. d5 exd5 34. Kd4 a5 {[%cal Ba6a5,Ba5a4][%mdl 32]} 35. Kxd5 a4 36. Ke4 {Precision: Weiß = 63%, Schwarz = 59%.} 1/2-1/2

[Event "16th Spilimbergo Open 2018"]
[Site "Spilimbergo"]
[Date "2018.08.14"]
[Round "7.2"]
[White "Brunello, Sabino"]
[Black "Dreev, Aleksey"]
[Result "0-1"]
[WhiteElo "2555"]
[BlackElo "2635"]
[Annotator "TA"]
[PlyCount "70"]
[EventDate "2018.08.10"]
[EventType "swiss"]
[EventCountry "ITA"]
[SourceTitle "playchess.com"]
[Source "ChessBase"]
[SourceQuality "1"]

{[%evp 14,70,0,-12,-10,-37,-17,-49,-54,-93,-100,-124,-122,-130,-134,-143,-125,-136,-133,-140,-89,-103,-96,-146,-126,-143,-42,-48,-42,-117,-116,-116,-117,-113,-118,-113,-104,-109,-108,-129,-129,-141,-124,-122,-115,-106,-111,-145,-145,-144,-152,-157,-145,-588,-580,-29994,-29995,-29995,-29996]} 1. e4 c6 2. Nc3 d5 3. Nf3 Bg4 4. h3 Bxf3 5. Qxf3 e6 6. d3 Nd7 7. Bd2 Bd6 {B11: Caro-Kann: Two Knights Variation} (7... Qb6 8. O-O-O Bd6 9. h4 Ne7 10. h5 Be5 11. h6 g6 12. Na4 Qc7 13. Nc3 Rc8 14. Ne2 c5 15. exd5 Nxd5 {0-1 (25) Liang,A (2572)-Mamedyarov,S (2804) chess.com INT 2018}) 8. g4 {LiveBook: 3 Games} Ne5 {[%cal Bd7e5,Be5g6,Bg6h4,Bh4f3][%mdl 32]} 9. Qg2 Ng6 $1 {[%cal Rg6h4] Black is slightly better.} 10. g5 h6 11. gxh6 Nh4 $146 {[%cal Rh4g2]} ({Predecessor:} 11... Nxh6 12. O-O-O Qf6 13. Kb1 Bf4 14. Bxf4 Qxf4 15. Ne2 {1-0 (45) Dragomirescu,R (2358)-Makka,I (2152) Plovdiv 2012}) 12. Qxg7 Nf3+ 13. Kd1 Be5 14. Qg4 Nxd2 15. Kxd2 Nf6 16. Qe2 Qb6 ({Black should play} 16... dxe4 {Hoping for ...Qa5.} 17. Kc1 Qb6) 17. Kc1 $17 {[#]} dxe4 $1 18. Bg2 Nd5 19. Na4 Bf4+ (19... Qa5 $17 20. Qxe4 Bf4+ 21. Kb1 O-O-O) 20. Kb1 $15 exd3 21. Qxd3 (21. Nxb6 $15 dxe2 22. Nxa8) 21... Qa5 $17 22. Nc3 Nxc3+ 23. Qxc3 Qxc3 24. bxc3 Ke7 25. Kb2 Rag8 26. Bf1 Rxh6 27. Rd1 Rg5 28. Rd4 Rf6 29. h4 Rc5 30. Rh3 Be5 31. Rd2 Rf4 32. Kb3 a5 33. c4 $2 {[%mdl 8192] [#]} (33. a3 $17 {is a better chance.}) 33... Rb5+ $1 $19 {[%mdl 512]} 34. Ka4 (34. cxb5 Rb4+) 34... Rb4+ 35. Kxa5 c5 {Precision: White = 23%, Black = 80%.} 0-1